Historia y teoría de los casos
Salvato in:
| Autore principale: | |
|---|---|
| Natura: | Libro |
| Lingua: | spagnolo |
| Pubblicazione: |
Madrid
Gredos
1980
|
| Serie: | Biblioteca Románica Hispánica. Estudios y Ensayos, 306
|
| Soggetti: | |
| Tags: |
Aggiungi Tag
Nessun Tag, puoi essere il primo ad aggiungerne!!
|
MARC
| LEADER | 00000nam a2200000 a 4500 | ||
|---|---|---|---|
| 001 | UCQ2752 | ||
| 003 | CL-VaPUC | ||
| 008 | 980731e19800000SP |||||||||||||||||spa|d | ||
| 082 | 0 | 4 | |a 415 |b AGU |2 21 |
| 100 | 0 | |a Agud, Ana |e author |9 416806 | |
| 245 | 1 | 0 | |a Historia y teoría de los casos |
| 300 | |a 491 p | ||
| 942 | |c BK | ||
| 945 | |d 19980731 00:00:00 |a crobeson | ||
| 260 | |a Madrid |b Gredos |c 1980 | ||
| 650 | 7 | |a GRAMATICA HISTORIA |2 CL-VaPUC |9 269955 | |
| 650 | 0 | |a Gramática |9 270497 | |
| 650 | 0 | |a Morfología |9 334440 | |
| 650 | 7 | |a TEORIA LINGUISTICA |2 CL-VaPUC |9 334835 | |
| 583 | |a last modification |c 19980731 00:00:00 |k Rodrigo Vera | ||
| 490 | 0 | |a Biblioteca Románica Hispánica. Estudios y Ensayos, 306 | |
| 999 | |c 273522 |d 273520 | ||
| 952 | |0 0 |1 0 |4 0 |6 415_000000000000000_AGU_1980 |7 0 |8 A |9 309150 |a BIBEDU |b BIBEDU |d 2019-11-20 |i 144915K |o 415 AGU 1980 |p 144915K |r 2019-11-20 |w 2019-11-20 |y BK |k LIT | ||